Movies Quiz

Random Movies or Role Quiz

Movies by Three Unnamed Characters VI Quiz Stats

 Plays Quiz Updated Aug 9, 2018

Score 0/20 Timer 05:00
0 Plays Today
% Correct
Sister Act 2: Back in the Habit
91%
Dunkirk
90.3%
The Greatest Showman
87.9%
Ernest Goes to Jail
87.4%
Black Panther
86.7%
Into the Woods
86.5%
Murder on the Orient Express
85.9%
Australia
85.6%
Galaxy Quest
84.9%
This Is Spinal Tap
83.3%
% Correct
Doctor Dolittle
81.9%
Solo: A Star Wars Story
81.4%
Paddington
81.1%
The Post
80.5%
Twister
79.9%
I, Tonya
78%
Jerry Maguire
77.5%
Bad News Bears
76.4%
Ocean's Eight
73.7%
L.A. Story
60.9%

You're not logged in!

Compare scores with friends on all Sporcle quizzes.
OR
Log In

Sporcle TV

Today on Sporcle TV


Watch our educational content, quiz creation guides, and fun videos on Sporcle TV.

Show Comments

Extras

Top Quizzes Today


Score Distribution

Your Account Isn't Verified!

In order to create a playlist on Sporcle, you need to verify the email address you used during registration. Go to your Sporcle Settings to finish the process.

Report this User

Report this user for behavior that violates our Community Guidelines.

Details: